Statistics for Red "From The Vault" tracks

Click here to take the quiz!

General Stats

  • This quiz has been taken 70 times
  • The average score is 6 of 9

Answer Stats

Tracks% Correct
9All Too Well (10 Minute Version)
89%
2Nothing New (feat. Phoebe Bridgers)
76%
7Run (feat. Ed Sheeran)
76%
3Babe
73%
5I Bet You Think About Me (feat. Chris Stapleton)
73%
8The Very First Night
73%
1Better Man
67%
4Message In A Bottle
64%
6Forever Winter
58%

Score Distribution

Percentile by Number Answered

Percent of People with Each Score

Your Score History

You have not taken this quiz